000 00393nam a2200181Ia 4500
005 20240823052125.0
008 240823s9999||||xx |||||||||||||| ||und||
041 _aENGLISH
082 _A301 P8
100 _aSenthil Nadhan
245 0 _aSamuthaya Sinthanaigal
250 _a1st
260 _c2008
_bNal
500 _aYES
650 _aGeneral
_bGeneral
942 _cBK
999 _c221136
_d221136